00331nam a22001457a 4500003000400000008004100004020001800045082001400063100002000077245002100097250000800118260002800126300001200154650001900166OSt260110b |||||||| |||| 00| 0 eng d a9789388178907 a615.4 AGP aAgarwal, Gaurav aPharmaceutics-II aIst aN.DelhibCBS Pub.c2024 avii,304 aPharmaceutics